Adventures of Sherlock Holmes
Colección de relatos cortos que contiene las primeras historias del detective más famoso, Sherlock Holmes. En ellas se relatan doce casos donde el detective y fiel acompañante, Dr. Watson, van descubrir el misterio que envuelven. El libro está en inglés.
Kaydedildi:
| Yazar: | |
|---|---|
| Materyal Türü: | Kitap |
| Dil: | Undetermined |
| Baskı/Yayın Bilgisi: |
New York, Estados Unidos
Award Books
[s.f.]
|
| Konular: | |
| Etiketler: |
Etiketle
Etiket eklenmemiş, İlk siz ekleyin!
|
MARC
| LEADER | 00000nam a2200000Ia 4500 | ||
|---|---|---|---|
| 008 | 170316s9999 xx 000 0 und d | ||
| 040 | |a cru BVZT | ||
| 090 | |a 820 D-11a | ||
| 100 | |a Doyle, Arthur Conan | ||
| 245 | |a Adventures of Sherlock Holmes | ||
| 260 | |a New York, Estados Unidos | ||
| 260 | |b Award Books | ||
| 260 | |c [s.f.] | ||
| 300 | |a 190 páginas | ||
| 520 | |a Colección de relatos cortos que contiene las primeras historias del detective más famoso, Sherlock Holmes. En ellas se relatan doce casos donde el detective y fiel acompañante, Dr. Watson, van descubrir el misterio que envuelven. El libro está en inglés. | ||
| 650 | |a LITERATURA INGLESA |9 12 | ||
| 999 | |c 6823 |d 6823 | ||
| 942 | |c 15 D |h 820 D-11a |2 z | ||
